Signo y pensamiento: una introducción filosófica a los problemas del lenguaje

I tiakina i:
Ngā taipitopito rārangi puna kōrero
Ngā kaituhi matua: Blasco, Josep L (Author), Grimaltos, Tobies (Author), Sánchez, Dora (Author)
Hōputu: Pukapuka
Reo:Pāniora
I whakaputaina: Barcelona Ariel 1999
Rangatū:Ariel Filosofía
Ngā marau:
Ngā Tūtohu: Tāpirihia he Tūtohu
Kāore He Tūtohu, Me noho koe te mea tuatahi ki te tūtohu i tēnei pūkete!

MARC

LEADER 00000nam a2200000 a 4500
001 UCM3629
003 CL-VaPUC
008 020712e19990000SP |||||||||||||||||spa|d
082 0 4 |a 401  |b BLA  |2 21 
100 |a Blasco, Josep L  |e author  |9 470327 
700 0 |a Grimaltos, Tobies  |e author  |9 470328 
700 0 |a Sánchez, Dora  |e author  |9 470329 
245 1 0 |a Signo y pensamiento: una introducción filosófica a los problemas del lenguaje 
300 |a 238 p 
942 |c BK 
945 |d 20020712 00:00:00  |a cmena 
260 |a Barcelona  |b Ariel  |c 1999 
650 0 |a Filosofía del lenguaje  |9 257082 
650 0 |a Semiótica  |9 265317 
650 0 |a Pragmatismo  |9 316729 
650 7 |a SIGNOS LINGUISTICOS  |2 CL-VaPUC  |9 424611 
583 |a last modification  |c 20020712 00:00:00  |k Rodrigo Vera 
490 0 |a Ariel Filosofía 
999 |c 300833  |d 300831 
952 |0 0  |1 0  |4 0  |6 401_000000000000000_BLA_1999  |7 0  |8 A  |9 359187  |a BIBEDU  |b BIBEDU  |d 2019-11-21  |i 3812995  |o 401 BLA 1999  |p 3812995  |r 2019-11-21  |w 2019-11-21  |y BK  |k FIL